000 00461nam a2200193Ia 4500
008 170918s9999 xx 000 0 und d
020 _a9781591748496
050 _bK668 2011
100 _aKlutz
245 _aRule the world :
245 _b119 shortcuts to total world domination /
245 _cby Klutz.
260 _aUSA :
260 _bKlutz,
260 _c2011
300 _a118 pages :
300 _bcolored illustrations ;
300 _c22cm.
999 _c343989
_d343989